00457nam a2200145Ia 4500008004100000020001300041041000800054082001700062100002400079245011100103250000600214260006100220300001200281650001800293210716s1998 xx 000 0 und d a74634917 aeng a005.133 GOTB aGottfried, Byron S. aSchaums outline of: theory and problems of programming with c.bTheory and problems of programming with c. a2 aNew DelhibTata McGraw Hill Publishing Company Ltdc1998 avii,532 aC Programming